000 00363nas a22001337a 4500
999 _c22674
_d22674
003 VITAP
005 20181117144537.0
008 181102b ||||| |||| 00| 0 eng d
022 _a0256-2499
040 _cVITAP
245 _aSADHANA
_bAcademy Proceddings in Engineering Sciences
260 _aBengaluru
_bIndian Academy of Science
_c2018
942 _2ddc
_cJOURNAL
_s1